[Event "Samara-ch Rating"]
[Site "Samara"]
[Date "2007.03.06"]
[Round "9"]
[White "Borodin, Yuriy"]
[Black "Sevastianov, Viktor"]
[Result "1/2-1/2"]
[WhiteElo "1830"]
[BlackElo "1934"]
[PlyCount "48"]
[EventDate "2007.02.02"]
[EventType "tourn"]
[EventRounds "11"]
[EventCountry "RUS"]
[SourceTitle "EXT 2022"]
[Source "ChessBase"]
[SourceDate "2021.10.06"]
[SourceVersion "1"]
[SourceVersionDate "2021.10.06"]
[SourceQuality "1"]

1. e4 d6 2. d4 Nf6 3. Bd3 e5 4. Nf3 Bg4 5. dxe5 Bxf3 6. Qxf3 dxe5 7. Nc3 Be7 8. Be3 c6 9. 0-0 0-0 10. Qg3 Nbd7 11. Be2 Kh8 12. Rad1 Qc7 13. Rd2 Nc5 14. f3 Rfd8 15. Rfd1 Rxd2 16. Rxd2 Ne6 17. Qf2 b6 18. Bc4 Rd8 19. Rxd8+ Nxd8 20. a4 Kg8 21. Bb3 Nd7 22. a5 Bc5 23. axb6 axb6 24. Bxc5 Nxc5 1/2-1/2

[Event "Samara-ch Rating"]
[Site "Samara"]
[Date "2007.02.02"]
[Round "1"]
[White "Galkin, Roman"]
[Black "Borodin, Yuriy"]
[Result "1-0"]
[WhiteElo "1910"]
[BlackElo "1830"]
[PlyCount "103"]
[EventDate "2007.02.02"]
[EventType "tourn"]
[EventRounds "11"]
[EventCountry "RUS"]
[SourceTitle "EXT 2022"]
[Source "ChessBase"]
[SourceDate "2021.10.06"]
[SourceVersion "1"]
[SourceVersionDate "2021.10.06"]
[SourceQuality "1"]

1. e4 d6 2. d4 g6 3. Nf3 Bg7 4. Bc4 Nf6 5. Nc3 0-0 6. Be3 Nc6 7. 0-0 Nxe4 8. Nxe4 d5 9. Bd3 dxe4 10. Bxe4 Bg4 11. Bxc6 bxc6 12. h3 Bxf3 13. Qxf3 Qd5 14. Qe2 Rab8 15. c3 Qb5 16. Qxb5 Rxb5 17. b3 Rd5 18. Bf4 e5 19. dxe5 Bxe5 20. c4 Bxf4 21. cxd5 cxd5 22. Rad1 Rd8 23. Rd3 d4 24. Re1 f5 25. g3 Bg5 26. Re6 Rd7 27. Rc6 Be7 28. Kg2 Bb4 29. Kf3 Kf7 30. g4 fxg4+ 31. hxg4 Ba5 32. Ke4 Bb6 33. b4 Re7+ 34. Kf3 Re5 35. Kf4 Rb5 36. a3 a5 37. bxa5 Rxa5 38. Ke4 Ra4 39. f4 Ra8 40. Rh3 Kg7 41. Re6 Bc5 42. Rc6 Bb6 43. f5 gxf5+ 44. gxf5 Re8+ 45. Re6 Rd8 46. Re7+ Kg8 47. f6 Rd6 48. Rf3 Rd8 49. f7+ Kf8 50. Re5 d3 51. Rg5 d2 52. Rg8+ 1-0